| 000 | 01268nam a2200337 a 4500 | ||
|---|---|---|---|
| 001 | 000113084 | ||
| 003 | CHAP | ||
| 005 | 20220329144337.0 | ||
| 008 | 170418s2016 mx a fsm |||||||spa d | ||
| 010 | _a109545 | ||
| 011 | _a110517 | ||
| 040 | _cCHAP | ||
| 090 | _aTesis | ||
| 100 | 1 |
_aMorales Pérez, Antonio de Jesús _9131927 |
|
| 245 | 1 | 0 |
_aDiagnóstico mineral de una explotación mixta de bovino-ovino en Tamuín, San Luis Potosí / _h[En línea] _cpor Antonio de Jesús Morales Pérez. |
| 260 |
_aChapingo, Méx. : _bEl autor, _c2016. |
||
| 500 | _aPara ver el contenido del material haga clic en la liga | ||
| 502 | _aTesis (Ing. Agr. Esp. en Zootecnia) -- Departamento de Zootecnia | ||
| 590 |
_aE6096MTM _b05 _c20170419 _lUCH01 _h1323 |
||
| 590 |
_aE8697GMM _b05 _c20170418 _lUCH01 _h1140 |
||
| 590 |
_aE8697GMM _b05 _c20170418 _lUCH01 _h1143 |
||
| 590 |
_aE8697GMM _b05 _c20170419 _lUCH01 _h1158 |
||
| 650 | 1 | 4 |
_aForrajes _xElementos minerales. _942570 |
| 650 | 1 | 4 |
_aGanado lanar _xNutrientes minerales. _9131944 |
| 650 | 1 | 4 |
_aGanado vacuno _xNutrientes minerales. _9131945 |
| 650 | 1 | 4 |
_aSuelos _xElementos minerales. _9110356 |
| 856 |
_aFinding aid _uhttp://10.13.5.2/tesis/sist113084.pdf _zTeclea aquí |
||
| 901 | _aBK | ||
| 942 | _cTESIS | ||
| 942 | _n0 | ||
| 999 |
_c109545 _d109545 |
||